01900naa a22003617a 4500001001000000003000900010005001700019007000300036008003400039040005400073041000900127072002500136090001800161100002200179100001200201100002000213100001900233111014200252245020200394246017600596246010200772260003600874500016000910650003401070650001401104650002301118650002201141773015701163909003601320942001401356999001901370952014901389BR8500407BR-BrBNA20240918175508.0ta230509b bl.||||| |||| 00| 0 por d aBR-BrBNAbporcBiblioteca Nacional de Agricultura a(Pt) aF30; F60b3240bG514 aF30 BR85004071 aMenck, A.L. de M.1 aOda, S.1 aGarlipp, R.C.D.1 aKageyama, P.Y.1 aSimposio Internacional: Metodos de Producao e Controle de Qualidade de Sementes e Mudas FlorestaiscCuritiba, PR (Brazil)d19-23 Mar 19841 aPrograma de melhoramento genetico com Eucalyptus saligna na Companhia Suzano de Papel e Celulose [eucalipto, melhoramento genetico vegetal, reproducao vegetal, teste de progenie, Sao Paulo, Brasil]1 aGenetic improvement program with Eucalyptus saligna at Companhia Suzano de Papel e Celulose [eucalipt, plant breeding, plant reproduction, progeny test, Sao Paulo, Brazil]1 aInternational symposium: methods for production and quality control of forest seeds and seedlings3 aCuritiba, PR (Brasil): c1984.  aSimposio internacional: metodos de producao e controle de qualidade de sementes e mudas florestais Curitiba, PR (Brasil): 1984. p. 40-50 (BR8500407-AM)F30  aMELHORAMENTO GENETICO VEGETAL aEUCALIPTO aREPRODUCAO VEGETAL aTESTE DE PROGENIE0 tSimposio internacional: metodos de producao e controle de qualidade de sementes e mudas florestaiswF30 BR8500407gCuritiba, PR (Brasil), 1984. p. 40-50 a202404bLuciac55dLucia Elande cAM2AGRIS c316990d316990 002AGRIS40708Acervo Gerala41918b41918cAgrobasel0o3575 BR8500403r2024-05-20t01yAM10d2024-04-11ePortaria Interministerial nÂș 164/94